Технология обработки на горизонтально-расточных станках: учебное пособие для вузов

Detaylı Bibliyografya
Yazar: Схиртладзе А. Г. Александр Георгиевич
Diğer Yazarlar: Борискин В. П. Владимир Петрович
Özet:В учебном пособии изложена специфика технологии обработки корпусных и сложных деталей на горизонтально-расточных станках, приведены основные сведения об эксплуатации горизонтально-расточных станков. Большое внимание уделено технологической оснастке к режущему инструменту. В пособии использованы отечественные и зарубежные литературные источники. Учебное пособие предназначено для студентов вузов, обучающихся по направлению «Конструкторско-технологическое обеспечение машиностроительных производств», а также может быть использовано студентами технических колледжей и инженерно-техническими работниками машиностроительных предприятий.
Dil:Rusça
Baskı/Yayın Bilgisi: Старый Оскол, ТНТ, 2014
Konular:
Materyal Türü: Kitap
KOHA link:https://koha.lib.tpu.ru/cgi-bin/koha/opac-detail.pl?biblionumber=262300

MARC

LEADER 00000nam0a2200000 4500
001 262300
005 20231101233636.0
010 |a 9785941781638 
035 |a (RuTPU)RU\TPU\book\285282 
090 |a 262300 
100 |a 20140530d2014 m y0rusy50 ca 
101 0 |a rus 
102 |a RU 
105 |a a j 001zy 
200 1 |a Технология обработки на горизонтально-расточных станках  |e учебное пособие для вузов  |f А. Г. Схиртладзе, В. П. Борискин 
210 |a Старый Оскол  |c ТНТ  |d 2014 
215 |a 464 с.  |c ил. 
320 |a Библиогр.: с. 462-463. 
330 |a В учебном пособии изложена специфика технологии обработки корпусных и сложных деталей на горизонтально-расточных станках, приведены основные сведения об эксплуатации горизонтально-расточных станков. Большое внимание уделено технологической оснастке к режущему инструменту. В пособии использованы отечественные и зарубежные литературные источники. Учебное пособие предназначено для студентов вузов, обучающихся по направлению «Конструкторско-технологическое обеспечение машиностроительных производств», а также может быть использовано студентами технических колледжей и инженерно-техническими работниками машиностроительных предприятий. 
606 1 |a Расточные станки горизонтальные  |2 stltpush  |3 (RuTPU)RU\TPU\subj\23978  |9 48438 
610 1 |a горизонтально-расточные станки 
610 1 |a назначение 
610 1 |a кинематика 
610 1 |a механизмы 
610 1 |a заготовки 
610 1 |a обработка 
610 1 |a приспособления 
610 1 |a вспомогательный инструмент 
610 1 |a детали 
610 1 |a изготовление 
610 1 |a точность 
610 1 |a контроль 
610 1 |a программное управление 
610 1 |a адаптивное управление 
610 1 |a учебные пособия 
675 |a 621.941.277(075.8)  |v 3 
700 1 |a Схиртладзе  |b А. Г.  |g Александр Георгиевич 
701 1 |a Борискин  |b В. П.  |g Владимир Петрович 
801 1 |a RU  |b 63413507  |c 20140530 
801 2 |a RU  |b 63413507  |c 20220808  |g RCR 
942 |c BK 
959 |a 94/20140530  |d 2  |e 465,00  |f ЧЗТЛ:1  |f АНЛ:1